000
00285nam a22001337a 4500
008
180316b xxu||||| |||| 00| 0 eng d
020
_a
sam8743591
041
_a
eng
080
_a
941
100
_a
16
101
_a
HIS
245
_a
The American Republic
_c
Appleby
942
_2
udc
_c
BK
999
_c
45250
_d
45250